00823nam a2200241 a 450000100060000000300080000600500170001400800410003103500190007204000270009104100080011808200250012610000350015124500860018626000450027230000200031749000570033760000460039460000340044065000240047465000450049865100380054342201BD-RjUL20211209053516.0160611s1958 mdu 000 0 eng  a(BD-RjUL)42319 aDLCcDLCdBD-RjULbeng aeng00a327.43220bCRF 19581 aCraig, Gordon Alexanderd1913-10aFrom Bismarck to Adenauer: aspects of German statecraft /cGordon Alexander Craig aBaltimore :bJohns Hopkins Press,c1958. a156 p.;c23 cm.0 aThe Albert Shaw lectures on diplomatic history, 195810aBismarck, Otto,cFürst von,d1815-1898.10aAdenauer, Konrad,d1876-1967. 0aStatesmenzGermany. 0aDiplomatic and consular service, German. 0aGermanyxForeign relationsy1871-